| 000 | 00417nam a22001697a 4500 | ||
|---|---|---|---|
| 003 | OSt | ||
| 005 | 20231031123943.0 | ||
| 008 | 231031b |||||||| |||| 00| 0 eng d | ||
| 040 | _cDLC | ||
| 050 |
_a269.2 _bP911U |
||
| 082 |
_a269.2 _bP911U |
||
| 100 | _aPrasad, K. Benny. | ||
| 245 |
_aUnthinkable/ _cby Benny Prasad. |
||
| 260 |
_aKarnataka, India: _bK. Benny Prasad, _c2022. |
||
| 300 | _a178p. | ||
| 942 |
_2ddc _cBK |
||
| 999 |
_c11124 _d11124 |
||